Libro de torneos

Enregistré dans:
Détails bibliographiques
Auteur principal: Casanueva Carrasco, Manuel (Auteur)
Format: Livre
Langue:espagnol
Publié: Valparaíso Ediciones Universitarias de Valparaíso 2009
Collection:Arquitectura y Diseño
Sujets:
Accès en ligne:Disponible Online
Tags: Ajouter un tag
Pas de tags, Soyez le premier à ajouter un tag!

MARC

LEADER 00000nam a2200000 a 4500
001 UCH9555
003 CL-VaPUC
005 20240701105636.0
008 100114e20090000CL |||||||||||||||||spa|d
999 |c 339481  |d 339479 
020 |a 9789561704510 
040 |c Pontificia Universidad Católica de Valparaíso 
082 0 4 |a 796.045 CAS 2009  |2 21 
100 0 |a Casanueva Carrasco, Manuel  |e author  |9 546711 
245 1 0 |a Libro de torneos 
260 |a Valparaíso  |b Ediciones Universitarias de Valparaíso  |c 2009 
300 |a 287 p 
490 0 |a Arquitectura y Diseño 
583 |a last modification  |c 20100114 00:00:00  |k Rodrigo Vera 
650 0 |a Deportes  |9 224367 
650 0 |a Juegos deportivos   |9 334250 
650 0 |a Actividades deportivas   |9 372981 
650 0 |a Actividad física  |9 362156 
650 0 |a Arquitectura deportiva  |9 546712 
852 |a BIBCUR 
856 |u https://bibliografiadigital.pucv.cl/index.php/bibliotecapucv/catalog/book/42  |y Disponible Online 
942 |c BK  |2 ddc 
945 |d 20100114 00:00:00  |a rbrito 
952 |0 0  |1 0  |4 0  |6 796_045000000000000_CAS_2009  |7 0  |8 A  |9 433149  |a BIBARQ  |b BIBARQ  |d 2019-11-22  |i 4634128  |l 4  |o 796.045 CAS 2009  |p 4634128  |r 2025-01-20  |s 2024-06-07  |w 2019-11-22  |y BK  |k ARQ 
952 |0 0  |1 0  |4 0  |6 796_045000000000000_CAS_2009  |7 0  |8 A  |9 433150  |a BIBARQ  |b BIBARQ  |d 2019-11-22  |i 4634136  |l 3  |m 1  |o 796.045 CAS 2009  |p 4634136  |r 2025-01-20  |s 2022-08-10  |w 2019-11-22  |y BK  |k ARQ 
952 |0 0  |1 0  |4 0  |6 796_045000000000000_CAS_2009  |7 0  |8 A  |9 433151  |a BIBARQ  |b BIBARQ  |d 2019-11-22  |i 4634144  |l 1  |o 796.045 CAS 2009  |p 4634144  |r 2025-01-20  |s 2022-05-18  |w 2019-11-22  |y BK  |k ARQ 
952 |0 0  |1 0  |4 0  |6 796_045000000000000_CAS_2009  |7 0  |8 A  |9 433152  |a BIBARQ  |b BIBARQ  |d 2019-11-22  |i 4634152  |l 2  |o 796.045 CAS 2009  |p 4634152  |r 2025-01-20  |s 2024-03-15  |w 2019-11-22  |y BK  |k ARQ 
952 |0 0  |1 0  |4 0  |6 796_045000000000000_CAS_2009  |7 0  |8 A  |9 433153  |a BIBARQ  |b BIBARQ  |d 2019-11-22  |i 4634160  |l 1  |m 1  |o 796.045 CAS 2009  |p 4634160  |r 2025-01-20  |s 2023-10-02  |w 2019-11-22  |y BK  |k ARQ 
952 |0 0  |1 0  |4 0  |6 796_045000000000000_CAS_2009  |7 0  |8 A  |9 433154  |a BIBARQ  |b BIBARQ  |d 2019-11-22  |i 4634179  |o 796.045 CAS 2009  |p 4634179  |r 2025-01-20  |w 2019-11-22  |y BK  |k ARQ 
952 |0 0  |1 0  |4 0  |6 796_045000000000000_CAS_2009  |7 0  |8 A  |9 433155  |a BIBARQ  |b BIBARQ  |d 2019-11-22  |i 4634187  |l 4  |o 796.045 CAS 2009  |p 4634187  |r 2025-01-20  |s 2024-03-20  |w 2019-11-22  |y BK  |k ARQ 
952 |0 0  |1 0  |4 0  |6 796_045000000000000_CAS_2009  |7 0  |8 A  |9 433156  |a BIBARQ  |b BIBARQ  |d 2019-11-22  |i 4634195  |l 1  |o 796.045 CAS 2009  |p 4634195  |r 2025-01-20  |s 2023-08-28  |w 2019-11-22  |y BK  |k ARQ 
952 |0 0  |1 0  |4 0  |6 796_045000000000000_CAS_2009  |7 0  |8 A  |9 433157  |a BIBARQ  |b BIBARQ  |d 2019-11-22  |i 4634209  |l 8  |o 796.045 CAS 2009  |p 4634209  |r 2025-03-20  |s 2025-03-20  |w 2019-11-22  |y BK  |k ARQ 
952 |0 0  |1 0  |4 0  |6 796_045000000000000_CAS_2009  |7 0  |8 A  |9 433158  |a BIBARQ  |b BIBARQ  |d 2019-11-22  |i 4634217  |l 1  |o 796.045 CAS 2009  |p 4634217  |r 2025-01-20  |s 2024-03-20  |w 2019-11-22  |y BK  |k ARQ 
952 |0 0  |1 0  |4 0  |6 796_045000000000000_CAS_2009  |7 0  |8 R  |9 433159  |a BIBART  |b BIBART  |d 2019-11-22  |i 4634225  |l 2  |o 796.045 CAS 2009  |p 4634225  |r 2025-03-13  |s 2022-09-05  |w 2019-11-22  |y BK_R  |k ART 
952 |0 0  |1 0  |4 0  |6 796_045000000000000_CAS_2009  |7 0  |8 A  |9 433160  |a BIBEDU  |b BIBEDU  |d 2019-11-22  |i 4634233  |o 796.045 CAS 2009  |p 4634233  |r 2019-11-22  |w 2019-11-22  |y BK  |k EFI 
952 |0 0  |1 0  |4 0  |6 796_045000000000000_CAS_2009  |7 0  |8 A  |9 433161  |a BIBEDU  |b BIBEDU  |d 2019-11-22  |i 4634241  |o 796.045 CAS 2009  |p 4634241  |r 2019-11-22  |w 2019-11-22  |y BK  |k EFI 
952 |0 0  |1 0  |4 0  |6 796_045000000000000_CAS_2009  |7 0  |8 C  |9 433162  |a BIBCUR  |b BIBCUR  |d 2019-11-22  |i 463425K  |o 796.045 CAS 2009  |p 463425K  |r 2025-04-22  |w 2019-11-22  |y BK  |k DEN 
952 |0 0  |1 0  |4 0  |6 796_045000000000000_CAS_2009  |7 0  |8 X  |9 433163  |a FDOBUD  |b FDOBUD  |d 2019-11-22  |i 4672615  |o 796.045 CAS 2009  |p 4672615  |r 2019-11-22  |w 2019-11-22  |y BK_X  |k BUD